000 00813cam a22002054a 4500
005 20250605164216.0
008 250528s ||||||||||||||||||||||||d
035 _a20472
020 _a713165774
040 _aGR-AtMCL
_bgre
_dGR-AtMCL
_eAACR2
245 1 _aIn Defence of Realism
260 _c1988
300 _a220
520 _aThe writer examines the reasons often cited by critics for believing that realism in fiction is impossible and verisimilitude a mere literary ''event''. The Realistic Novel Under Attack, Representation and Reality, Althusser and the ''Ideological'' Arguments against Realism, Anti-Realism, Some Theses on Realism, Realism and Anti-Realism, Index.
700 1 _aEdward Arnold
_9242
700 1 _aTallis Raymond
_96455
942 _cBK
999 _c5576
_d5576